• 首页
  • 本馆介绍
  • 公告通知
  • 最新文献
  • 馆藏检索
  • 电子资源
  • 读者导购
  • 参考咨询
  • 我的图书馆
  • 登录
  • 详细信息显示
  • 放入我的书架
  • 预约/预借图书
  • 作者相关作品
  • 分类相关作品
  • 丛书相关作品
  • 出版社相关作品

书目信息

  • 表格格式
  • 工作单格式
  • 卡片格式
题名:
中国古代史学史
    
 
作者: 仓修良 著
分册:  
出版信息: 北京   人民出版社  2009
页数: 12,46,661页
开本: 23cm
丛书名:
单 册:
中图分类: K092.2
科图分类:
主题词: 史学史--中国--古代 , 史学史
电子资源:
ISBN: 978-7-01-007974-5
000 00793nam0 2200241 450
001 523
005 20140910105323.17
010    @a978-7-01-007974-5@dCNY85.00
100    @a20100709d2009 em y0chiy50 ea
101 0  @achi
102    @aCN@b110000
105    @ay z 000yy
106    @ar
200 1  @a中国古代史学史@AZhong Guo Gu Dai Shi Xue Shi@f仓修良著@FCang Xiu Liang Zhu
210    @a北京@c人民出版社@d2009
215    @a12,46,661页@d23cm
330    @a本书包括了中国史学的起源和战国秦汉间的史学、以人物传记为中心的汉魏六朝史学、主通明变的唐宋元史学、具有启蒙色彩的明清史学四编内容。
606 0  @a史学史@y中国@z古代
606 0  @a史学史
690    @aK092.2@v5
701  0 @a仓修良@ACang Xiu Liang@f(1933.3~)@4著
801  0 @aCN@bTANGWEI@c20140603
905    @b0841376-78@dK092.2@e64@f3
    
    中国古代史学史/仓修良著.-北京:人民出版社,2009
    12,46,661页;23cm
    
    
    ISBN 978-7-01-007974-5:CNY85.00
    本书包括了中国史学的起源和战国秦汉间的史学、以人物传记为中心的汉魏六朝史学、主通明变的唐宋元史学、具有启蒙色彩的明清史学四编内容。
●
相关链接 在E读中查询图书 在五车中查询图书 在当当中查询图书 在豆瓣中查询图书


正题名:中国古代史学史     索取号:K092.2/64         预约/预借

序号 登录号 条形码 馆藏地/架位号 状态 备注
1 0841376   208413769   第二样本阅览室/ [索取号:K092.2/64] 在馆    
2 0841377   208413778   第二借阅区/ [索取号:K092.2/64] 在馆    
3 0841378   208413787   第二借阅区/ [索取号:K092.2/64] 在馆    
唐山师范学院图书馆 欢迎您!
大连网信软件有限公司© 版权所有